IV Fòrum sobre Medi Ambient i Món Local : connectem les ciutats i pobles, en transició cap al 2030 connectem les ciutats i pobles, en transició cap al 2030
Descripción Física:
27 pàgines : il·lustracions ; 21 cm
Materias:
Medi ambient -- Participació ciutadana -- Congressos
; Desenvolupament sostenible -- Congressos
Idioma:
Catalán
MARC
| LEADER | 00000nam a22000007a 4500 | ||
|---|---|---|---|
| 001 | 25991 | ||
| 008 | 220617b spa||||| |||| 00| 0 cat d | ||
| 017 | |a DL B 6049-2019 | ||
| 080 | |a FU-71-9 | ||
| 111 | |9 53531 |a Fòrum sobre Medi Ambient i Món Local |n (4t : |d 2019 : |c Sant Fruitós de Bages) | ||
| 245 | |a IV Fòrum sobre Medi Ambient i Món Local : |b connectem les ciutats i pobles, en transició cap al 2030 | ||
| 246 | 3 | 2 | |a Quart Fòrum sobre Medi Ambient i Món Local |
| 260 | |a Barcelona : |b Diputació de Barcelona, |c 2019 | ||
| 300 | |a 27 pàgines : |b il·lustracions ; |c 21 cm | ||
| 650 | 0 | |9 45423 |a Medi ambient |x Participació ciutadana |x Congressos | |
| 650 | 0 | |a Desenvolupament sostenible |v Congressos |9 39796 | |
| 710 | 1 | |a Barcelona (Catalunya : Província). |b Gerència de Serveis de Medi Ambient |9 53088 | |
| 942 | |2 udc |c ARXIU |n 1 | ||
| 952 | |0 0 |1 0 |4 0 |6 FU719 |7 1 |9 62456 |a Arxiu |b Arxiu |d 2022-06-17 |l 0 |o FU-71-9 |p 25991 |r 2022-06-17 00:00:00 |w 2022-06-17 |y ARXIU | ||
| 999 | |c 82093 |d 82093 | ||